000 00787cam a2200241 4500
008 090401t1997 xxu||||| |||| 00| 0 eng d
020 _a1860811434
035 _a(Sirsi) u81003
041 _aeng
050 _a690
110 _aBuilding Research Establishment
245 _aDomestic floors : repairing or replacing floors and flooring : magnesite, tiles, slabs and screeds.
260 _aLondon
_bConstruction Research Communications Ltd
_c1997
300 _a8p. : ill. ; 30cm.
350 _a0
490 _aGood Building Guide
_v28 Part 4
650 _aFLOORING
650 _aBUILT ENVIRONMENT-BUILDING ELEMENTS-COMPLETE BUILDING ELEMENTS-FLOORS
650 _aREPAIRS
690 _aBUILDING AND CONSTRUCTION-REPAIRS AND MAINTENANCE
942 _n0
948 _c22/09/1997
999 _c96663
_d96663